000
00196 a2200097 4500
001
3143
100
_a
Budlong, TP
245
_a
Sky & Sextent
260
_a
_b
Van Nostrand
_c
090
_c
2424
_d
2424
942
_a
NUST-CAE
_c
M
_c
15825
999
_c
238216
_d
238216